000 00284nam a22001337a 4500
008 170214b xxu||||| |||| 00| 0 eng d
020 _a9781584262756
041 _aeng
080 _22011 ED
_a61
100 _a4
101 _aSHM
245 _aBASIC CODING
_cLOU ANN
942 _2udc
_cBK
999 _c5485
_d5485